| 000 | 00715nam a2200193Ii 4500 | ||
|---|---|---|---|
| 003 | JO-AjNU | ||
| 008 | 230605s9999||||xx |||||||||||||| ||und|| | ||
| 040 |
_aJO-AjNU _bara _erda _cJO-AjNU |
||
| 041 | _aara | ||
| 050 | 1 | 4 | _aRC467 |
| 100 | 3 |
_aالعيسوي ، عبدالرحمن محمد, _eauthor _934473 |
|
| 245 | 0 | 0 | _aفي علم النفس العيادي دراسة في علم النفس الاكليني |
| 264 | 3 | 1 | _aالاسكندرية:دار المعرفة الجامعة ، 1900 |
| 300 | _a144ص | ||
| 336 |
_atext _btxt _2rdacontent |
||
| 337 |
_aunmediated _bn _2rdamedia |
||
| 338 |
_avolume _bnc _2rdacarrier |
||
| 650 | 4 |
_aعلم النفس المرضي-علم النفس العلاجي _934474 |
|
| 999 |
_aA14139 _c17707 _d17707 |
||